000 00471nam a2200145Ia 4500
008 230917s9999||||xx |||||||||||||| ||und||
040 _e180650
_aMAIN
041 _aEnglish
082 _a891.431710912 MB896:SS
100 _aशर्मा, शशिबाला
245 0 _aमुक्तिबोध कि कविता मे यथार्थ-बोध
260 _aदिल्ली
_bशब्द और शब्द
300 _a143 p.
942 _cHN
999 _c210701
_d210701